<?xml version="1.0" encoding="UTF-8"?><?xml-stylesheet type="text/xsl" href="static/style.xsl"?><OAI-PMH xmlns="http://www.openarchives.org/OAI/2.0/" xmlns:xsi="http://www.w3.org/2001/XMLSchema-instance" xsi:schemaLocation="http://www.openarchives.org/OAI/2.0/ http://www.openarchives.org/OAI/2.0/OAI-PMH.xsd"><responseDate>2026-06-04T23:55:16Z</responseDate><request verb="GetRecord" identifier="oai:riuma.uma.es:10630/44869" metadataPrefix="marc">https://riuma.uma.es/rest/oai/request</request><GetRecord><record><header><identifier>oai:riuma.uma.es:10630/44869</identifier><datestamp>2026-01-27T00:46:08Z</datestamp><setSpec>com_10630_2254</setSpec><setSpec>col_10630_37953</setSpec></header><metadata><record xmlns="http://www.loc.gov/MARC21/slim" xmlns:dcterms="http://purl.org/dc/terms/" xmlns:doc="http://www.lyncode.com/xoai" xmlns:xsi="http://www.w3.org/2001/XMLSchema-instance" xsi:schemaLocation="http://www.loc.gov/MARC21/slim http://www.loc.gov/standards/marcxml/schema/MARC21slim.xsd">
   <leader>00925njm 22002777a 4500</leader>
   <datafield ind2=" " ind1=" " tag="042">
      <subfield code="a">dc</subfield>
   </datafield>
   <datafield ind2=" " ind1=" " tag="720">
      <subfield code="a">Lario, Javier</subfield>
      <subfield code="e">author</subfield>
   </datafield>
   <datafield ind2=" " ind1=" " tag="720">
      <subfield code="a">Spencer, Chris</subfield>
      <subfield code="e">author</subfield>
   </datafield>
   <datafield ind2=" " ind1=" " tag="720">
      <subfield code="a">Bardají, Teresa</subfield>
      <subfield code="e">author</subfield>
   </datafield>
   <datafield ind2=" " ind1=" " tag="720">
      <subfield code="a">Marchante, Ángel</subfield>
      <subfield code="e">author</subfield>
   </datafield>
   <datafield ind2=" " ind1=" " tag="720">
      <subfield code="a">Garduño-Monroy, Víctor H.</subfield>
      <subfield code="e">author</subfield>
   </datafield>
   <datafield ind2=" " ind1=" " tag="720">
      <subfield code="a">Macías-Sánchez, Jorge</subfield>
      <subfield code="e">author</subfield>
   </datafield>
   <datafield ind2=" " ind1=" " tag="720">
      <subfield code="a">Ortega-Acosta, Sergio</subfield>
      <subfield code="e">author</subfield>
   </datafield>
   <datafield ind2=" " ind1=" " tag="260">
      <subfield code="c">2019-08-27</subfield>
   </datafield>
   <datafield ind2=" " ind1=" " tag="520">
      <subfield code="a">La península de Yucatán, México, ha sido considerada una región tectónicamente estable sin actividad sísmica significativa, aunque está regularmente afectada por huracanes. Un estudio detallado de aproximadamente 100 km de la costa este de Yucatán y Cozumel identificó crestas que contienen bloques de más de 1 m, alcanzando hasta cinco metros de altura, asociadas con Eventos de Oleaje Extremo (EWE). Los modelos de tsunami de zonas sísmicas conocidas en la región (Cinturón de Cabalgamiento de Muertos y Cinturón Deformado del Sur del Caribe) no son de escala suficiente para haber producido estas crestas. Los huracanes más destructivos (Gilbert 1988 y Wilma 2005) produjeron olas demasiado pequeñas para crear estas estructuras. Este estudio presenta un nuevo modelo de tsunami que indica que un evento de tsunami pudo haber causado el EWE responsable de la deposición de las crestas de bloques.</subfield>
   </datafield>
   <datafield ind2=" " ind1=" " tag="520">
      <subfield code="a">The Yucatán Peninsula, Mexico, has typically been considered a tectonically stable region with little significant seismic activity. The region though, is one that is regularly affected by hurricanes. A detailed survey of ca 100 km of the eastern Yucatán and Cozumel coast identified the presence of ridges containing individual boulders measuring >1 m in length. The boulder ridges reach 5 m in height and their origin is associated with extreme wave event activity. Previously modelled tsunami waves from known seismically active zones in the region (Muertos Thrust Belt and South Caribbean Deformed Belt) are not of sufficient scale in the area of the Yucatán Peninsula to have produced the boulder ridges recorded in this study. The occurrence of hurricanes in this region is more common, but two of the most destructive (Hurricane Gilbert 1988 and Hurricane Wilma 2005) produced coastal waves too small to have created the ridges recorded here. In this paper, a new tsunami model with a source area located on the Motagua/Swan Island Fault System has been generated that indicates a tsunami event may have caused the extreme wave events that resulted in the deposition of the boulder ridges.</subfield>
   </datafield>
   <datafield ind1="8" ind2=" " tag="024">
      <subfield code="a">Lario, J., Spencer, C., Bardají, T., Marchante, Á., Garduño-Monroy, V. H., Macias, J., &amp; Ortega, S. (2020). An extreme wave event in eastern Yucatán, Mexico: Evidence of a palaeotsunami event during the Mayan times. Sedimentology, 67(2), 1025-1042. https://doi.org/10.1111/sed.12662</subfield>
   </datafield>
   <datafield ind1="8" ind2=" " tag="024">
      <subfield code="a">https://hdl.handle.net/10630/44869</subfield>
   </datafield>
   <datafield ind1="8" ind2=" " tag="024">
      <subfield code="a">10.1111/sed.12662</subfield>
   </datafield>
   <datafield tag="653" ind2=" " ind1=" ">
      <subfield code="a">Maremotos</subfield>
   </datafield>
   <datafield tag="653" ind2=" " ind1=" ">
      <subfield code="a">Sismología -  Yucatán (Península)</subfield>
   </datafield>
   <datafield ind2="0" ind1="0" tag="245">
      <subfield code="a">An Extreme Wave Event in eastern Yucatán, Mexico: evidence of a paleotsunami event during the Mayan times.</subfield>
   </datafield>
</record>
</metadata></record></GetRecord></OAI-PMH>